Statistiken für Die 10 Länder mit dem größten GDP in Südostasien

Klicken Sie hier um das Quiz zu spielen!

Allgemein

  • Dieses Quiz wurde 80 mal gespielt
  • Das Durchschnittsergebnis liegt bei 9 aus 10

Antwortstatistiken

GDP in Millionen US-DollarLand% Korrekt
455.378Thailand
97%
220.408Vietnam
96%
1.010.937Indonesien
94%
16.984Laos
90%
323.902Singapur
90%
314.497Malaysia
87%
22.252Kambodscha
85%
66.537Myanmar
85%
313.419Philippinen
84%
2.610Osttimor
68%

Verteilung der Resultate

Perzentil nach korrekt beantworteten Fragen

Anzahl Personen mit jedem Resultat

Ihre Resultats-Entwicklung

Sie haben dieses Quiz noch nicht gespielt